| 000 | 00661nam a22002417a 4500 | ||
|---|---|---|---|
| 005 | 20230221113726.0 | ||
| 008 | 230221b ||||| |||| 00| 0 eng d | ||
| 020 | _a8128006576 | ||
| 040 | _cAL | ||
| 041 | _aEnglish | ||
| 082 |
_223 _a574.5 _bNANE |
||
| 100 |
_aN Nandini and others _972782 |
||
| 245 | _aEnvironmental Studies | ||
| 250 | _a7 | ||
| 260 |
_aBangalore _bSapna Book House _c2012 |
||
| 300 |
_a453 p. _bPB _c23x17 cm. |
||
| 365 |
_a7853 _b₹640.00 _c₹ _d₹800.00 _e20% _f13-02-2023 |
||
| 650 |
_aEcology _972776 |
||
| 700 |
_aNANDINI (N) _972777 |
||
| 700 |
_aSUNITHA (N) _972778 |
||
| 700 |
_aTANDON (Sucharita) _972779 |
||
| 942 |
_2ddc _cBK |
||
| 999 |
_c226770 _d226770 |
||